Nietzsche-irodalom
Elmentve itt :
| Szerző: | |
|---|---|
| Adatforrás: | Philobibl |
| Forrásdokumentuma: | Nyugat 1 1908/6-7., 327-333.; 370-375. p. |
| Dokumentumtípus: | Cikk |
| Nyelv: | magyar |
| Kulcsszavak: | Nietzsche |
| LEADER | 00298nab a2200109 c 4500 | ||
|---|---|---|---|
| 001 | bibDOK00010109 | ||
| 005 | 20200924120538.8 | ||
| 008 | 060518s1908 hu hun | ||
| 100 | 1 | |a Fenyő Miksa | |
| 245 | 1 | 0 | |a Nietzsche-irodalom |c Fenyő Miksa |
| 695 | |a Nietzsche | ||
| 773 | 0 | |t Nyugat 1 |g 1908/6-7., 327-333.; 370-375. p. | |